Normal view
MARC view
Entry Topical Term
001 - CONTROL NUMBER
- control field: 28048
003 - CONTROL NUMBER IDENTIFIER
- control field: ARRUPE
005 - DATE AND TIME OF LATEST TRANSACTION
- control field: 20161214105029.0
008 - FIXED-LENGTH DATA ELEMENTS
- fixed length control field: 161214|| aca||aabn | a|a d
040 ## - CATALOGING SOURCE
- Original cataloging agency: ARRUPE
- Transcribing agency: ARRUPE
150 ## - HEADING--TOPICAL TERM
- Topical term or geographic name as entry element:
- Topical term following geographic name as entry element: Italy--History--Renaissance
670 ## - SOURCE DATA FOUND
- Source citation: Work cat.: (ARRUPE)100640: Merton, Thomas 14833, A Thomas Merton reader